|
|
|
|
| LEADER |
01684nam a2200457 a 4500 |
| 001 |
000012768 |
| 003 |
CZ BrMZK |
| 005 |
20260224064431.0 |
| 007 |
ta |
| 008 |
940411s1994 xo f f slo d |
| 020 |
|
|
|a 80-7090-127-6
|c 800.00
|
| 040 |
|
|
|a BOA001
|b cze
|
| 041 |
1 |
|
|a slo
|h eng
|
| 072 |
|
7 |
|a 025.3/.4
|x Katalogizace. Selekční jazyky
|2 Konspekt
|9 12
|
| 080 |
|
|
|a 025.3/.4:006.44
|2 MRF
|
| 080 |
|
|
|a 025.342+025.48
|2 MRF
|
| 080 |
|
|
|a 025.3/.4
|2 MRF
|
| 080 |
|
|
|a 006.32
|2 MRF
|
| 080 |
|
|
|a (035)
|2 MRF
|
| 245 |
0 |
0 |
|a UNIMARC manuál :
|b [slovenská verzia] : UNIMARC(SK) /
|c preklad a vedecká redakcia Dušan Katuščák
|
| 260 |
|
|
|a Martin :
|b Matica slovenská,
|c 1994
|
| 300 |
|
|
|a 588 s.
|
| 500 |
|
|
|a Na rubu titulního listu vročení 1993
|
| 500 |
|
|
|a Přeloženo z angličtiny
|
| 650 |
0 |
7 |
|a UNIMARC formát
|7 ph117152
|2 czenas
|
| 650 |
0 |
7 |
|a soubory autorit
|7 ph125850
|2 czenas
|
| 650 |
0 |
7 |
|a katalogizace
|7 ph114876
|2 czenas
|
| 650 |
0 |
7 |
|a mezinárodní normy a standardy
|7 ph260673
|2 czenas
|
| 650 |
0 |
9 |
|a UNIMARC format
|2 eczenas
|
| 650 |
0 |
9 |
|a authority files
|2 eczenas
|
| 650 |
0 |
9 |
|a cataloging
|2 eczenas
|
| 650 |
0 |
9 |
|a international standards
|2 eczenas
|
| 655 |
|
7 |
|a příručky
|7 fd133209
|2 czenas
|
| 655 |
|
9 |
|a handbooks and manuals
|2 eczenas
|
| 700 |
1 |
|
|a Katuščák, Dušan,
|d 1946-
|7 kup19940000047145
|4 edt
|4 trl
|
| 765 |
0 |
|
|t UNIMARC Manual
|9 Slovensky
|
| 910 |
|
|
|a BOA001
|b 4-0997.730
|b TK-A-0253.840
|
| 920 |
|
|
|a 000246614
|
| 990 |
|
|
|a BK
|
| 996 |
7 |
|
|b 2610007337
|c 4-0997.730
|l MZK
|r Sklad / do 1 hodiny
|n 0
|p kup
|w 000012768
|u 000010
|a 1
|e BOA001
|j MZK50
|s A
|
| 996 |
7 |
|
|b 2629960221
|c TK-A-0253.840
|l MZK
|r Sklad / do 24 hodin
|n 0
|w 000012768
|u 000020
|a 1
|e BOA001
|j MZK50
|s A
|